000 01331cas a22003617a 4500
005 20220329142059.0
008 990603d1953 mx mr pernn 0 uub1spa d
010 _a78108
011 _a79080
035 _a89231
245 0 0 _aBoletín de Información
_c/por Cámara Agrícola y Ganadera de Torreón
260 0 _aTorreón, Coah. :
_bCámara Agrícola y Ganadera de Torreón,
_c1953-
300 _av.
310 _aMensual
362 1 _av.22 n.274, 1976
500 _aSe dejó de recibir a partir del v.22 n.274, 1976
590 _aBATCH-UPD
_b10
_c20130110
_lUCH01
_h0517
590 _aBATCH-UPD
_b10
_c20130410
_lUCH01
_h0156
590 _aBATCH-UPD
_b10
_c20130913
_lUCH01
_h2028
590 _aCONVERSION
_b10
_c20130109
_lUCH01
_h1343
650 4 _aGanadería
_xCoahuila
_xPublicaciones periódicas.
_944673
650 1 4 _aAgricultura
_xCoahuila
_xPublicaciones periódicas.
_91366
866 _av.10 n.120 (1963)
866 _av.11 n.121-v.16 n.195 (1964-1970)
866 _av.17 n.196-207,216 (1970-1971)
866 _av.18 n.217-v.19 n.239 (1972-1973)
866 _av.20 n.241-v.22 n.272,274 (1974-1976)
866 _av.4 n.25-41 (1956-1957)
866 _av.5 n.55-57 (1958)
866 _av.6 n.61,63,72 (1959)
901 _aSE
905 _aMa. del Socorro Iturbe C.
999 _c78108
_d78108